000 00723nas a22002297a 4500
003 NALT
005 20240328134907.0
006 a|||p|r|||| 00| 0
007 ta
008 240328b th |||p| |||| 00| 0 tha d
022 _a00029300
040 _aNALT
041 _aeng
245 _aAmerican Journal of International Law
260 _aCambridge University Press
310 _aQuarterly (รายสามเดือน)
650 0 _aกฎหมายระหว่างประเทศ
_99812
850 _aNALT
942 _2local
_cJNR
_s1
996 _ajintana.i
_bSERSTF
_c2024-03-28
999 _c105034
_d105034
998 _h755
_j755
_k จินตนา เอี่ยมคง